000 02986cad a22003375a 4500
001 L147909
008 090701s2009 xxk f 000 0 eng d
020 _a9781409815327
035 _a(Sirsi) u147909
041 0 _aeng
050 0 4 _a692.2 $2 18
110 2 _aUnited Kingdom
_bDepartment for Communities and Local Government
_94939
245 0 0 _aProposals for amending Part L and Part F of the Building Regulations
_bconsultation
_h[electronic resource]
260 _aLondon
_bDCLG
_c2009
505 2 _aVolume 1, proposals for amending Part L and Part F of the Building Regulations -- Summary of consultation -- Introduction -- Proposals for improving compliance and building performance -- Proposals for Accredited Construction Details (ACD) -- Training and dissemination strategy -- Future thinking paper -- Annex A: consultation criteria -- Annex B: consultation stage impact -- Annex C: response form
505 2 _aVolume 2, proposed technical guidance for Part L -- Proposed new edition of approved Document L1A for construction of new dwellings -- Proposed new edition of Approved Document L1B for work in existing dwellings -- Proposed new edition of Approved Document L2A for construction of new buildings other than dwellings -- Proposed new edition of Approved Document L2B for work in existing buildings other than dwellings -- Proposed changes to the National Calculation Methodology -- Proposed Domestic Building Services Compliance Guide -- Proposed Non-Domestic Building Services Compliance Guide
505 2 _aVolume 3, proposed technical guidance for Part F -- Proposed new edition of Approved Document F: means of ventilation -- Proposed domestic ventilation installation and Commissioning Compliance Guide
520 _aSeeks views on the proposed changes to Part L (Conservation of Fuel and Power) and Part F (Means of Ventilation) of the Building Regulations that are planned to come into force in 2010. Also proposes other measures designed to improve compliance and performance in buildings, including a strategy for training and dissemination. Document presented in three volumes, all available to download on the website.
520 _aDeadline for comments is 17 September 2009.
590 _aKA NTK
650 2 4 _aBUILDING REGULATIONS 2000 APPROVED DOCUMENT F (2006 EDITION)
650 2 4 _aBUILDING REGULATIONS 2000 APPROVED DOCUMENT L1A (2006 EDITION)
650 2 4 _aBUILDING REGULATIONS 2000 APPROVED DOCUMENT L2A (2006 EDITION)
650 2 4 _aBUILDING REGULATIONS 2000 APPROVED DOCUMENT L1B (2006 EDITION)
650 2 4 _aBUILDING REGULATIONS 2000 APPROVED DOCUMENT L2B (2006 EDITION)
651 4 _aEngland and Wales
_y1543-
690 _aBuilding regulations
_96224
690 _aENVIRONMENTAL AND LAND CONSULTANCY-ENERGY-ENERGY USE-ENERGY EFFICIENCY
856 4 0 _uhttps://www.communities.gov.uk/publications/planningandbuilding/partlf2010consultation
_zView the consultation free of charge at www.communities.gov.uk...
942 _n0
999 _c109780
_d109780